000 00593nam a2200193Ia 4500
005 20260114185852.0
008 008 260114s9999 xx 000 0 eng d
020 _a9798400689178
037 _aEBOOK
040 _aCRL
_beng
_cCRL
041 _aeng
_2eng
084 _qCRL
100 _aNicholas Michael Sambaluk
_9875398
245 0 _aMyths and Realities of Cyber Warfare Conflict in the Digital Realm
260 _bBloomsbury
_c2020
856 _uhttps://doi.org/10.5040/9798400689178?locatt=label:secondary_bloomsburyCollections
942 _cEBOOK
999 _c1474332
_d1474332